| 000 | 00497nam a22001817a 4500 | ||
|---|---|---|---|
| 003 | OSt | ||
| 005 | 20251104143319.0 | ||
| 008 | 240723b |||||||| |||| 00| 0 eng d | ||
| 020 | _a0072875577 | ||
| 040 | _cMUST | ||
| 082 | _a339 MCC 2005 | ||
| 100 |
_aMcConnell, Campbell R. _918918 |
||
| 245 |
_aMacroeconomics: _bprinciples, problems and policies |
||
| 300 |
_axxiii,399p. _bcol. ill. _c26cm |
||
| 504 | _aincludes glossary and index | ||
| 650 |
_aMacroeconomics _97608 |
||
| 942 |
_2ddc _cO_SHELF |
||
| 999 |
_c9257 _d9257 |
||